| 000 | 00630nam a2200229Ia 4500 | ||
|---|---|---|---|
| 005 | 20250508164410.0 | ||
| 008 | 008 250505s9999 xx 000 0 hin d | ||
| 020 | _a80-7016-565-2 | ||
| 037 | _aTextual | ||
| 040 |
_aFEDL _beng _cFEDL |
||
| 041 |
_ahin _2eng |
||
| 084 |
_a891.433, MAH _qFEDL |
||
| 100 | _aMaheep Singh | ||
| 245 | 0 | _aDus pratinidhi kahaniyan | |
| 260 |
_aNew Delhi, India _bKitab Ghar Parkashan _c2008 |
||
| 300 | _a95p. | ||
| 365 |
_aINR _b90 |
||
| 490 | _aDus pratinidhi kahaniyan | ||
| 650 |
_aFiction - Hindi _9778024 |
||
| 942 |
_cTEXL _h891.433, MAH |
||
| 999 |
_c1388940 _d1388940 |
||